000 00512nam a2200181Ia 4500
005 20250326124203.0
008 250326s9999 xx 000 0 und d
037 _aTextbook
040 _aFMSL
_beng
_cFMSL
041 _aeng
_2eng
084 _aX:51 K8;13
_qFMSL
100 _aBritt S H
_9338329
245 0 _aMarketing management & administrative action
_cBritt S H; Boyd H W
260 _aNY
_bNY, McGraw-Hill
_c1968
300 _a776p
942 _cTB
_hX:51 K8;13
999 _c1272642
_d1272642